भारतीय राजनीति-विचारक/ (Record no. 198777)

MARC details
000 -LEADER
fixed length control field 00744nam a22001817a 4500
005 - DATE AND TIME OF LATEST TRANSACTION
control field 20231117121148.0
010 ## - LCCN (DPL NO)
LC control number HIN-126145
020 ## - INTERNATIONAL STANDARD BOOK NUMBER
International Standard Book Number 9789388658263
Terms of availability 325.00
035 ## - SYSTEM CONTROL NUMBER
System control number HN-98491
037 ## - SOURCE OF ACQUISITION
Stock number 1
082 ## - DEWEY DECIMAL CLASSIFICATION NUMBER
Classification number 954.030922
100 ## - MAIN ENTRY--PERSONAL NAME
Personal name गाबा,ओमप्रकाश
245 ## - TITLE STATEMENT
Title भारतीय राजनीति-विचारक/
Statement of responsibility, etc ओम प्रकाश गाबा
260 ## - PUBLICATION, DISTRIBUTION, ETC. (IMPRINT)
Place of publication, distribution, etc नई दिल्ली
Name of publisher, distributor, etc नेशनल पेपरबैक्स
Date of publication, distribution, etc 2022
270 ## - ADDRESS
Address 4230/1 अंसारी रोड, दरियागंज
City नई दिल्ली
Postal code 110002
300 ## - PHYSICAL DESCRIPTION
Extent 294पृ.
Dimensions 24सेमी(अजिल्द)
942 ## - ADDED ENTRY ELEMENTS (KOHA)
Source of classification or shelving scheme Dewey Decimal Classification
Item type Hindi Books
Call number suffix गाबाओ
Classification part 954.030922
Holdings
Withdrawn status Lost status Not for loan Collection code Home library Current library Date acquired Source of acquisition Cost, normal purchase price Full call number Barcode Copy number Cost, replacement price Koha item type
      Non-fiction Bawana Bawana 16/10/2023 DBAD/PUB 325.00 954.030922 गाबाओ HN-98491 1 325.00 Hindi Books

© Delhi Public Library
Hit Counter
free hit counter